| 000 | 00000nam 2200000zi 4500 |
| 001 | 9.899796 |
| 003 | CaOODSP |
| 005 | 20250107144056 |
| 006 | m o d f |
| 007 | cr |n||||||||| |
| 008 | 210514e19720518oncd obs f000 0 fre d |
| 040 | |aCaOODSP|bfre|erda|cCaOODSP |
| 043 | |an-cn-qu|an-cn--- |
| 086 | 1 |aRE22-159/1972F-PDF |
| 100 | 1 |aHébert, Serge, |eauteur. |
| 245 | 14|aLes disparités régionales du revenu et de l'emploi : |bQuébec-Canada (1961-71) / |cSerge Hébert. |
| 264 | 1|a[Ottawa] : |bSection des modèles généraux, Division des analyses économiques, MEER, |cle 18 mai 1972. |
| 300 | |a1 ressource en ligne (15 pages, 53 pages non numérotées) : |bgraphiques |
| 336 | |atexte|btxt|2rdacontent/fre |
| 337 | |ainformatique|bc|2rdamedia/fre |
| 338 | |aressource en ligne|bcr|2rdacarrier/fre |
| 500 | |aÉdition numérisée de l'imprimé [par Innovation, Sciences et Développement économique Canada]. |
| 504 | |aComprend des références bibliographiques. |
| 650 | 6|aRevenus de l'État|zQuébec (Province)|vStatistiques. |
| 650 | 6|aRevenus de l'État|zCanada|vStatistiques. |
| 650 | 6|aMarché du travail|zQuébec (Province)|vStatistiques. |
| 650 | 6|aMarché du travail|zCanada|vStatistiques. |
| 650 | 0|aRevenue|zQuébec (Province)|vStatistics. |
| 650 | 0|aRevenue|zCanada|vStatistics. |
| 650 | 0|aLabor market|zQuébec (Province)|vStatistics. |
| 650 | 0|aLabor market|zCanada|vStatistics. |
| 655 | 7|aStatistiques|2rvmgf |
| 655 | 7|aStatistics|2lcgft |
| 710 | 1 |aCanada. |bMinistère de l'expansion économique régionale, |eorganisme de publication. |
| 856 | 40|qPDF|s1079 Ko|uhttps://publications.gc.ca/collections/collection_2024/isde-ised/re22/RE22-159-1972-fra.pdf |